ABS Projection Algorithms Mathematical Techniques for Linear and Nonlinear Equations

Gespeichert in:
Bibliographische Detailangaben
1. Verfasser: Abaffy, Jozsef
Weitere Verfasser: Spedicato, Emilio
Format: Buch
Sprache:Englisch
Veröffentlicht: Chichester Horwood 1989
Ausgabe:1. ed.
Tags: Tag hinzufügen
Keine Tags, Fügen Sie das erste Tag hinzu!

MARC

LEADER 00000nam a2200000 4500
001 c031919
005 20221215113250.8
041 0 |a eng 
044 |a GB 
245 1 0 |a ABS Projection Algorithms  |b Mathematical Techniques for Linear and Nonlinear Equations  |c Jozsef Abaffy, Emilio Spedicato 
250 |a 1. ed. 
264 1 |a Chichester  |b Horwood  |c 1989 
300 |a 220 s. 
100 1 |a Abaffy, Jozsef 
700 1 |a Spedicato, Emilio